Statistiques concernant Mot mystérieux - Série 67

Cliquez ici pour prendre le quiz!

Statistiques générales

  • Ce quiz a été pris 88 fois
  • Le résultat moyen est 5 sur 10

Statistiques - réponses

IndicesMot% Correct
urique - aminé - lactique - sulfuriqueacide
94%
feuille - chabichou - chou - Seguinchèvre
90%
côte - tour - éléphantivoire
71%
laine - basque - nerfs - épinglespelote
68%
main - jeu - douchepaume
54%
peau - crayon - primaire - cafécouleur
37%
froid - arrêt - cuisine - volontébuffet
23%
rive - toit - égout - parmesantuile
23%
tour - noire - Noëlmagie
17%
savon - chocolat - matelas - canardmousse
15%

Distribution des résultats

Percentile par nombre de réponses

% des personnes avec chaque résultat

Votre développement - résultats

Vous n’avez pas pris ce quiz